| 000 | 00684cab a2200217 4500 | ||
|---|---|---|---|
| 001 | WB3235-01 | ||
| 008 | 090401t1996 xxu||||| |||| 00| 0 eng d | ||
| 035 | _a(Sirsi) u1297 | ||
| 041 | _aeng | ||
| 245 | _aNew selling charges widen profit margin | ||
| 260 | _c1996 | ||
| 350 | _a0 | ||
| 490 |
_aAntiques Trade Gazette _v(1255) 21 September 1996, 122(1) |
||
| 520 | _aChristies announces increased pre-tax profits showing the financial sense of the sliding scale of fixed vendor`s commissions introduced last year. | ||
| 650 | _aAUCTION HOUSES | ||
| 650 | _aCHRISTIES | ||
| 650 | _aFIXED RATE COMMISSIONS | ||
| 690 |
_aAuctioneering _96218 |
||
| 942 | _n0 | ||
| 948 | _c04/03/1997 | ||
| 999 |
_c707 _d707 |
||